000 00199nam a2200085Ia 4500
008 170620s9999 xx 000 0 und d
100 _aLAXMIKANTH- M
245 0 _aINDIAN POLITY
260 _bMC GRAW HILL EDUCATION
260 _c2016
999 _c30477
_d30477